000 00310nam a2200133Ia 4500
100 _aAnderson.Jonathan
650 _aGeneral
942 _cBK
654 _aAssignment Writing
245 _aThesis & Assignment Writing
260 _bWILEY EASTERN LIMITED
_aNewDelhi
_c1971
300 _a135
546 _aENGLISH
999 _c20155
_d20155